01051nam0a22002171 4500001001000000005001700010035002600027100004100053101000800094102000700102105001800109200034900127210002300476215001600499300007300515702006500588712012100653801001800774801002200792852001900814rc\61174720260407130445.0 a(NLR Aleph) 005855361 a20031121d1986 |||y0rusy50 ca0 arus aRU ay |||||||||1 aСовершенствование изучения и внедрения передового педагогического опыта в системе профтехобразованияeМатериалы науч.-практ. семинара, провед. в апр. 1985 г. в г. Москваf[Отв. ред. Г.И. Ажикин] aМ.cБ. и.d1986 a102 с.d21 aВ надзаг.: Пед. о-во РСФСР, Центр. совет 1aАжикинbГ.И.gГеоргий Иванович434002aПедагогическое общество РСФСРbЦентральный совет3RU\NLR\AUTH\889977651 0aRUbNLRgpsbo 1aRUbELAR2rusmarc aNLRj86-3/9861